Normal view
MARC view
- Alexander, Gordon J:Sharpe, William F:Bailey, Jeffery V
Entry Personal Name
001 - CONTROL NUMBER
- control field: 67247
003 - CONTROL NUMBER IDENTIFIER
- control field: NUST
005 - DATE AND TIME OF LATEST TRANSACTION
- control field: 20210628203756.0
008 - FIXED-LENGTH DATA ELEMENTS
- fixed length control field: 210628|| aca||aabn | a|a d
040 ## - CATALOGING SOURCE
- Original cataloging agency: NUST
- Transcribing agency: NUST
100 ## - HEADING--PERSONAL NAME
- Personal name: Alexander, Gordon J:Sharpe, William F:Bailey, Jeffery V
670 ## - SOURCE DATA FOUND
- Source citation: Work cat.: (NUST): Alexander, Gordon J:Sharpe, William F:Bailey, Jeffery V, Fundamentals of investment, 2003
